Who Wrote Each Book of the Bible - Statistics

General Stats
  • This quiz has been taken 24 times
  • The average score is 40 of 66
Answer Stats
Hint Answer % Correct
Leviticus Moses
95%
Numbers Moses
95%
Deuteronomy Moses
95%
Genesis Moses
91%
Exodous Moses
91%
Psalms David/Asaph/Sons of Korah/Solomon/Moses/Ethan/Herman/Unknown
82%
John John
77%
1 John John
77%
2 John John
77%
3 John John
77%
Luke Luke
77%
Matthew Matthew
77%
1 Peter Peter
77%
2 Peter Peter
77%
James James
73%
1 Corinthians Paul
73%
2 Corinthians Paul
73%
Galatians Paul
73%
Ephesians Paul
73%
Philippians Paul
73%
Colossians Paul
73%
1 Thessalonians Paul
73%
2 Thessalonians Paul
73%
1 Timothy Paul
73%
2 Timothy Paul
73%
Titus Paul
73%
Philemon Paul
73%
Daniel Daniel
68%
Ezra Ezra
68%
Isaiah Isaiah
68%
Jeremiah Jeremiah
68%
Nehemiah Nehemiah
68%
Song of Solomon Solomon
68%
Amos Amos
64%
Ezekiel Ezekiel
64%
Habakkuk Habakkuk
64%
Haggai Haggai
64%
Hosea Hosea
64%
Joel Joel
64%
Revelation John
64%
Jonah Jonah
64%
Jude Jude
64%
Micah Micah
64%
Nahum Nahum
64%
Obadiah Obadiah
64%
Romans Paul
64%
Proverbs Solomon/Agur/Lemuel
59%
Zechariah Zechariah
59%
Zephaniah Zephaniah
59%
Malachai Malachai
55%
Acts Luke
50%
Ecclesiastes Solomon
50%
Lamentations Jeremiah
45%
1 Chronicles Ezra
27%
2 Chronicles Ezra
27%
Hebrews Unknown
27%
Joshua Unknown
23%
Judges Unknown
23%
Ruth Unknown
23%
1 Samuel Unknown
23%
2 Samuel Unknown
23%
1 Kings Unknown
23%
2 Kings Unknown
23%
Esther Unknown
23%
Job Unknown
23%
Mark John Mark
14%
No matching quizzes found
Score Distribution
Percent of People with Each Score
Percentile by Number Answered
Your Score History
You have not taken this quiz